000 00743nam a2200217 i 4500
001 179535
003 ES-MaACL
005 20230921204940.0
008 111221s2009 sp |||| | spa d
020 _a978-84-613-7417-5
080 _a291.4
100 0 _aNavarro Zamorano, Salvador.
_985196
245 1 0 _aManual del maestro /
_cautor, Salvador Navarro Zamorano.
260 _a[Zaragoza] :
_b[Quintín García Muñoz],
_cD.L. 2009.
300 _a390 p. :
_bretr. ;
_c21 cm.
650 4 _aVida espiritual.
_912505
852 _aES-MaACL
_jA-11753
_9186432
_bR.146087
_cDEPO1
_dOlim: N-4758
_xDonación: Salvador Navarro Zamorano
903 _985196
_aNavarro Zamorano, Salvador
_ednr
942 _2udc
_cMONOGRAFIA
999 _c179535
_d179535